Pages choisies (Registro nro. 87691)

Detalles MARC
000 -ENCABEZADO
Número de control [NR] 00564nam a22001697a 4500
008 - DE LONGITUD FIJA DE DATOS DE ELEMENTOS - INFORMACIÓN GENERAL
Elementos de longitud fija [NR] 130821s1912 fr gr fre
040 ## - FUENTE DE CATALOGACION [NR]
Agencia de catalogación original [NR] Co-BoUCM
Idioma de catalogación [NR] spa
041 00 - CODIGO DE IDIOMA [R]
Código de idioma para texto/pista de sonido o título separado [R] Francés
100 1# - ASIENTO PRINCIPAL--NOMBRE PERSONAL [NR]
Nombre personal [NR] Vogue, Eugéne-Melchior
Títulos u otras palabras asociadas al nombre [R] Vizconde
Fechas asociadas con el nombre [NR] 1848-1910
ID Autoridad 150659
245 00 - MENCION DE TITULO [NR]
Título [NR] Pages choisies
Mención de responsabilidad, etc. [NR] Vte E. M. Vogue ; préface de M. Paul Bourget
250 ## - MENCION DE EDICION [NR]
Mención de edición [NR] 4a. ed.
260 ## - PUBLICACION, DISTRIBUCION, ETC. (PIE DE IMPRENTA) [R]
Lugar de publicación, distribución, etc. [R] París (Francia)
Nombre del editor, distribuidor, etc. [R] Librairie Plon
Fecha de publicación, distribución, etc. [R] 1912
300 ## - DESCRIPCION FISICA [R]
Extensión [R] xli, 394 páginas
650 04 - ASIENTO SECUNDARIO DE MATERIA - TERMINO TEMATICO [R]
Término temático o nombre geográfico como elemento de entrada [NR] Ensayos franceses
9 (RLIN) 14564
942 ## - ELEMENTOS DE ENTRADA AGREGADOS (KOHA)
Tipo de ítem principal el descrito en 300a Libro
Tema principal Literatura
Edición 4
Parte restante de la signatura top. V64P
Título oculto en OPAC No
Sistema de clasificación DEWEY
Clasificación 844.8
Existencias
Signatura topográfica Código de barras Última vez visto Ejemplar Price effective from Tipo de ítem Perdido Sistema de clasificación Dañado No prestable Tipo de ítem específico Suprimido Ubicación habitual Ubicación actual Localización Fecha de creación Forma de adquisición Costo
FCS 844.8 V64P 120000957 26/07/2012 Ej.1 03/02/2013 Libro   DEWEY     Fondos especiales     Archivo Histórico Archivo histórico 28/02/2003 Donación 1000.00